000 00326nam a2200109Ia 4500
008 171211s9999 xx 000 0 und d
245 _aFrench Defence and Other Half Open Games
245 _cFriso Nijboer and Geert van der Stricht
260 _c2007
650 _xGAMES
856 _uhttp://down.ebook777.com/055/9056911627.pdf
999 _c348934
_d348934